000 00843nam a2200253 i 4500
005 20260416153917.0
008 260416s2025 my gr 000 0 may d
020 _a9786299506010
_cRM25.00
_qpaperback
040 _aPPAK
_beng
_cPPAK
_erda
082 0 4 _a355.02
_223
090 0 0 _a355.02
_bSUN
_dG
100 1 _aSun, Tzu,
_eauthor.
245 1 0 _aSENI DALAM PEPERANGAN /
_cART OF WAR OLEH SUN TZU
264 1 _aBrickfields, Kuala Lumpur :
_bPrestasi Media,
_c[2025?]
300 _a93 pages ;
_c21 cm
336 _atext
_2rdacontent
337 _aunmediated
_2rdamedia
338 _avolume
_2rdacarrier
650 1 0 _aMilitary art and science
_vEarly works to 1800
650 2 0 _aStrategy
_vEarly works to 1800
650 2 0 _aManagement
_vEarly works to 1800
650 2 0 _aLeadership
_vEarly works to 1800
942 _2ddc
_cB
999 _c203892
_d203892